000 00975nam a22003257a 4500
001 0005478
003 KOHA_MİRAKIL
005 20260207001446.0
007 ta
008 090528b1988 tu |||gr||||#0|||d|tur |
020 _a9751702437
_c0,01
040 _aTR-BiSEU
_btur
_cTR-BiSEU
_erda
041 0 _atur
044 _ctu
050 _aPL237.N36
_bA35 1988
100 0 _aNamık Kemal.
245 1 _aAkif Bey/
_cNamık Kemal ; Namık Kemal; hazırlayan R. N. Güntekin.
246 _aAkif Bey : (drama-5 perde)
264 1 _aAnkara :
_bAnkara Kültür ve Turizm Bak.
_c1988
300 _a108 sayfa ;
_c21 cm.
336 _ametin
_btxt
_2rdacontent
337 _aaracısız
_bn
_2rdamedia
338 _acilt
_bnc
_2rdacarrier
490 0 _aKültür ve Turizm Bakanlığı,No : 998.
650 0 _aTürk draması.
_98531
650 0 _aTurkish drama.
_98532
830 0 _aKültür ve Turizm Bakanlığı,No : 998.
_913232
907 _aTiyatro
942 _2lcc
_cBK
999 _c5459
_d5459